00631cam a2200205ua 4500001000400000008003900004020001800043040000900061082001100070245007200081250000900153260002900162300002500191653002300216653002700239700002700266942000700293999001300300952011200313800110420n ii |||gr||||Z||||||eng a81-203-2890-6 cMAIN a342.541 aIntroduction to the constitution of India.cBy Brij Kishore Sharma. a3rd. aNew Delhi.:bPHI,c2005. axxv, 384 p.:c20 cm. aPolitical science. aConstitution of India.1 aSharma, Brij Kishore., cBK c726d726 00104070aMAINbMAINcGEN | 2d2020-09-19l0o342.54 | SHAp16412r2020-09-19 00:00:00t1w2020-09-19yBK